000 00297nam a22001337a 4500
008 170421b xxu||||| |||| 00| 0 eng d
020 _a9780073031217
041 _aeng
080 _26 ED
_a573
100 _a11
101 _aSHM
245 _aBILOGY LABORATORY
_cVODOPICH.D.S
942 _2udc
_cBK
999 _c11533
_d11533